| 000 | | | 04590cmc1a2200000#x 450 |
| 001 | | | ddbc73f0-5aab-4d50-b0e3-dfafe109d5ef |
| 005 | | | 20180618143424.0 |
| 100 | ## | $a | 20151214l18011917k l0rusy0189 ca |
| 101 | 0# | $a | rus |
| 102 | ## | $a | RU |
| 200 | 1# | $a | Департамент общих дел МВД |
| | $j | 1801-1917 гг. |
| | $k | 1902-1971 гг. |
| 215 | ## | $a | 291150 единиц хранения |
| 251 | ## | $a | 250 описей |
| | $c | Фонд |
| 801 | #0 | $a | RU |
| | $b | РГИА |
| | $c | 20151214 |
| 801 | #1 | $a | RU |
| | $b | ГлавНИВЦ |
| | $c | 20151214 |
| | $2 | rusmarc |
| 801 | #2 | $a | RU |
| | $b | ПБ им. Б.Н. Ельцина |
| | $c | 20160203 |
| | $g | RCR |
| | $2 | rusmarc |
| 850 | ## | $a | Федеральное казенное учреждение "Российский государственный исторический архив" (РГИА) |
| 852 | ## | $a | РГИА |
| | $j | 1284 |
| 937 | ## | $h | РГИА |
| | $d | 4446815 |
| | $a | ASBIBLIO_SCAN |
| 371 | ## | $a | Документ не является опубликованным и широко распространяемым |
| 035 | ## | $a | ddbc73f0-5aab-4d50-b0e3-dfafe109d5ef |
| 122 | 2# | $a | d1801###### |
| | $a | d1917###### |
| 517 | 1# | $a | Департамент общих дел Министерства внутренних дел |
| 300 | ## | $a | Подробную историческую справку и аннотацию на фонд 1284 "Департамент общих дел МВД" см. в прикрепленном файле |
| 300 | ## | $a | Использованы материалы сайта РГИА: http://www.fgurgia.ru/object/27603624 |
| 710 | 01 | $3 | RU\NLR\AUTH\8810083174 |
| | $a | Россия |
| | $b | Министерство внутренних дел |
| | $b | Департамент общих дел |
| 601 | 01 | $2 | prlib_sh |
| | $3 | LIBNET\UAF\0000075887 |
| | $a | Россия |
| | $b | Министерство внутренних дел |
| | $b | Департамент общих дел |
| | $j | Архивы |
| | $x | Деятельность |
| 605 | ## | $2 | acquisition_Prlib |
| | $3 | DITM\AF\0000003834 |
| | $a | Народ |
| | $l | коллекция |
| 605 | ## | $a | Власть |
| | $l | коллекция |
| | $2 | acquisition_Prlib |
| | $3 | DITM\AF\0000002775 |
| 686 | ## | $2 | rubbk |
| | $a | 63.3(2)53-33л63 |
| | $v | LBC/M |
| 686 | ## | $a | 63.3(2)53-36л63 |
| | $v | LBC/M |
| | $2 | rubbk |
| 607 | ## | $2 | nlr_sh |
| | $3 | RU\NLR\AUTH\661537449 |
| | $a | Россия |
| | $j | Архивы |
| | $x | Политика и управление |
| | $z | 19 - нач. 20 вв. |